Ekonomika Slovenska by mala vzrásť o 4 percentá

Pohľad na vývoj slovenskej ekonomiky podľa polročnej správy MMF. Ekonomické odporúčania MMF pre kandidátske krajiny. Hospodársky rast ekonomiky v rokoch 2003-2004 a prognózy MMF.

Gespeichert in:
Bibliographische Detailangaben
1. Verfasser: Kuruc, Radko
Format: Buchkapitel
Sprache:Slowakisch
Schlagworte:
Tags: Tag hinzufügen
Keine Tags, Fügen Sie das erste Tag hinzu!

MARC

LEADER 00000naa$a2200000$$$4500
001 0002420
005 20230925124039.4
041 0 |a slo 
044 |a SK 
245 1 0 |a Ekonomika Slovenska by mala vzrásť o 4 percentá  |c aut. Radko Kuruc 
520 |a Pohľad na vývoj slovenskej ekonomiky podľa polročnej správy MMF. Ekonomické odporúčania MMF pre kandidátske krajiny. Hospodársky rast ekonomiky v rokoch 2003-2004 a prognózy MMF. 
610 2 0 |a situácia hospodárska 
610 2 0 |a rast hospodársky 
610 2 0 |a vývoj hospodársky 
610 2 0 |a prognózy hospodárske 
610 2 0 |a rozpočty 
610 2 0 |a Medzinárodný menový fond 
610 2 0 |a Slovensko 
610 2 0 |a Európska únia 
100 1 |a Kuruc, Radko